| 000 | 00403nam a2200121Ia 4500 | ||
|---|---|---|---|
| 008 | 171212s9999 xx 000 0 und d | ||
| 020 | _a9780833034465 | ||
| 100 | _aLarrabee, F. Stephen | ||
| 245 |
_cLarrabee, F. Stephen _aThe Middle East in the Shadow of Afghanistan and Iraq |
||
| 260 |
_bRAND Corporation _c2003 |
||
| 650 | _aPolitical Science | ||
| 856 | _uwww.jstor.org/stable/10.7249/cf191cmepp-gcsp | ||
| 999 |
_c352691 _d352691 |
||